Представление документа в формате RUSMARC

ПолеНазваниеЗначение
  Тип записи a
  Библиографический уровень m
001 Контрольный номер RU\bookru\bibl\920295
003 Постоянный идентификатор записи http://www.book.ru/book/920295
005 Дата корректировки 20161026112537.5
010 Индекс ISBN __
a ISBN 978-5-406-05510-6
100 Данные общей обработки 0_
a Данные общей обработки 20160629d2017 mk y0rusy50 ca
101 Язык документа 0_
a Язык текста Русский
102 Страна публикации __
a Страна публикации RU
105 Кодированные данные (монография) __
a Кодированные данные (монография) y ||||000yy
200 Заглавие и сведения об ответственности 1_
a Заглавие Экономическая теория. Экспресс-курс (для бакалавров)
210 Выходные данные __
a Место издания Москва
c Издательство КноРус
d Дата издания 2017
215 Физическое описание __
a Объем 601
330 Аннотация __
a Аннотация "Представляет собой краткий курс экономической теории. Благодаря интенсификации изложения этот курс, в целом соответствующий стандартам экономического образования, удалось удержать в объеме учебного пособия для неэкономических вузов. Пособие в первую очередь рассчитано на сложившихся специалистов, не владеющих современной экономической теорией, но имеющих высокий общеобразовательный уровень и развитые навыки самообучения (второе высшее образование, МВА и другие формы послевузовского образования). Концентрированный характер текста особенно полезен при подготовке к экзаменам и зачетам. Соответствует ФГОС ВО 3+. Для студентов, аспирантов и преподавателей вузов, слушателей системы послевузовского образования, а также для экономистов и менеджеров."
606 Тематические рубрики __
a Основная рубрика Экономические науки в целом. Экономическая теория
2 Код системы local
608 Указатель предметных рубрик __
a Жанр/форма Учебное пособие
2 Код системы local
675 Индекс УДК __
a Индекс УДК 330(075.8)
z Язык издания rus
686 Индексы других классификаций __
a Классификационный индекс 65.5я73
2 Код системы rubbk
700 Автор _1
a Фамилия Грязнова А.Г. под ред., Думная Н.Н. под ред., Юданов А.Ю. под ред.
801 Источник записи _1
a Страна RU
b Организация book_ru
c Дата составления 20160629
g Правила каталогизации RCR
856 Электронный адрес документа 4_
u Универсальный указатель ресурса (URL) http://www.book.ru/book/920295
951 __
a http://www.book.ru/book/920295